College Algebra including Elementary Calculus (Record no. 6897)

MARC details
000 -LEADER
fixed length control field 00414nam a2200157Ia 4500
008 - FIXED-LENGTH DATA ELEMENTS--GENERAL INFORMATION
fixed length control field 221030s9999 xx 000 0 und d
041 ## - LANGUAGE CODE
Language code of text/sound track or separate title
082 ## - DEWEY DECIMAL CLASSIFICATION NUMBER
Classification number 105.23
Item number Val
100 ## - MAIN ENTRY--AUTHOR NAME
Personal name C. G. Valles
245 #0 - TITLE STATEMENT
Title College Algebra including Elementary Calculus
Statement of responsibility, etc by C. G. Valles, K. N. Shah
260 ## - PUBLICATION, DISTRIBUTION, ETC. (IMPRINT)
Name of publisher Charotar Pub
Place of publication Anand
Year of publication 0
300 ## - PHYSICAL DESCRIPTION
Number of Pages 311
650 ## - SUBJECT ADDED ENTRY--TOPICAL TERM
Topical Term BE Mathematics
700 ## - ADDED ENTRY--PERSONAL NAME
Personal name K. N. Shah
942 ## - ADDED ENTRY ELEMENTS (KOHA)
Koha item type Books
Holdings
Accession Number Cost, normal purchase price Full call number Price effective from Koha item type Withdrawn / writtenoff status Materials specified (bound volume or other part) Damaged status Not for loan Permanent Location Current Location Shelving location Date acquired Lost/ Missing status department
BE 2589 55.00 105.23 Val 10/30/2022 Books   Print     MIET Library, Jammu MIET Library, Jammu BL-Academic Block- A, FL-1, CUP-3, SH-1, R-1 03/01/2001   BE
BE 2590 55.00 105.23 Val 10/30/2022 Books   Print     MIET Library, Jammu MIET Library, Jammu BL-Academic Block- A, FL-1, CUP-3, SH-1, R-1 03/01/2001   BE
BE 2591 55.00 105.23 Val 10/30/2022 Books   Print     MIET Library, Jammu MIET Library, Jammu BL-Academic Block- A, FL-1, CUP-3, SH-1, R-1 03/01/2001   BE
BE 2592 55.00 105.23 Val 10/30/2022 Books   Print   Not For Loan MIET Library, Jammu MIET Library, Jammu BL-Second, FL-1, CUP-17, SH-1, R-1 03/01/2001   BE
BE 2593 55.00 105.23 VAL 10/30/2022 Books   Print     MIET Library, Jammu MIET Library, Jammu BL-Academic Block- A, FL-1, CUP-3, SH-1, R-1 03/01/2001   BE
B 2589   105.23 10/30/2022 Books   Print     MIET Library, Jammu MIET Library, Jammu BL-, FL-, CUP-0, SH-0, R-0 07/16/2012   BE
B 2590   105.23 10/30/2022 Books   Print     MIET Library, Jammu MIET Library, Jammu BL-, FL-, CUP-0, SH-0, R-0 07/16/2012   BE
B 2591   105.23 10/30/2022 Books   Print     MIET Library, Jammu MIET Library, Jammu BL-, FL-, CUP-0, SH-0, R-0 07/16/2012   BE
B 2592   105.23 10/30/2022 Books   Print     MIET Library, Jammu MIET Library, Jammu BL-, FL-, CUP-0, SH-0, R-0 07/16/2012   BE
B 2593   105.23 10/30/2022 Books   Print     MIET Library, Jammu MIET Library, Jammu BL-, FL-, CUP-0, SH-0, R-0 07/16/2012   BE